MARC

LEADER 00000nam0a2200000 4500
001 45879
005 20250528172308.0
010 |a 5691007289 
035 |a (RuTPU)RU\TPU\book\47784 
090 |a 45879 
100 |a 20021217d2001 m y0rusy50 ca 
101 0 |a rus 
102 |a RU 
105 |a y j 001zy 
200 1 |a Государственно-правовое развитие России IX-XX вв.  |e Тесты  |f В. И. Щепетев 
210 |a Москва  |c Владос  |d 2001 
215 |a 128 с. 
320 |a Справочные материалы: с. 110-126. 
606 1 |a Государство и право  |x История  |2 stltpush  |3 (RuTPU)RU\TPU\subj\68127  |9 83645 
606 |a Государственная власть и управление в России  |x История  |9 81511 
610 1 |a право 
610 1 |a государство 
610 1 |a Россия 
610 1 |a 9 век 
610 1 |a 20 век 
610 1 |a тесты 
610 1 |a учебные пособия 
686 |a Х2(2)я73  |2 rubbk 
686 |a Т3(2)-3я73  |2 rubbk 
700 1 |a Щепетев  |b В. И.  |g Василий Иванович 
801 1 |a RU  |b 63413507  |c 20021217  |g PSBO 
801 2 |a RU  |b 63413507  |c 20230315  |g PSBO 
850 |a 63413507 
942 |c BK